All NATO Members - Statistics

General Stats
  • This quiz has been taken 62 times
  • The average score is 28 of 32
Answer Stats
Country % Correct
United Kingdom
100%
United States
100%
Germany
97%
Spain
97%
Canada
95%
Greece
95%
Czechia
92%
Estonia
92%
France
92%
Portugal
92%
Slovakia
92%
Sweden
92%
Denmark
89%
Finland
89%
Hungary
89%
Italy
89%
Slovenia
89%
Albania
86%
Belgium
86%
Netherlands
86%
Croatia
84%
Latvia
84%
Lithuania
84%
Romania
84%
Bulgaria
81%
Luxembourg
81%
Norway
81%
Poland
81%
Iceland
73%
Turkey
73%
Montenegro
68%
North Macedonia
68%
No matching quizzes found
Score Distribution
Percent of People with Each Score
Percentile by Number Answered
Your Score History
You have not taken this quiz